| 000 | 02487cam a22004097i 4500 | ||
|---|---|---|---|
| 001 | 13327237 | ||
| 005 | 20180301163012.0 | ||
| 008 | 160620t20142014ph b 010 0 eng | ||
| 010 | _a 2016329822 | ||
| 020 | _a9789715033879 | ||
| 020 | _a9715033873 | ||
| 040 |
_aDLC _beng _erda _cDLC _dOKO _dCtY-D |
||
| 042 | _alcode | ||
| 245 | 0 | 2 |
_aA theology of the spirit in doctrine and demonstration : _bessays in honor of Wonsuk and Julie Ma / _cedited by Teresa Chai. |
| 264 | 1 |
_aBaguio City : _bAPTS Press, _c[2014] |
|
| 264 | 4 | _c©2014 | |
| 300 |
_axii, 234 pages ; _c24 cm. |
||
| 336 |
_atext _2rdacontent |
||
| 337 |
_aunmediated _2rdamedia |
||
| 338 |
_avolume _2rdacarrier |
||
| 490 | _aAPTS Press monographic series | ||
| 504 | _aIncludes bibliographical references. | ||
| 505 | 0 | _aA historical sketch of Wonsuk and Julie Ma / Rose Engcoy -- Incarnation, Pentecost, and virtual spiritual formation: renewing theological education in global context / Amos Yong -- Missional spirituality: a Pentecostal contribution to spiritual formation / Robert P. Menzies -- Theological education in a pluralistic world: theological reflections / Veli-Matti Kärkkäinen -- Contextualization and Pentecostal-Charismatic education in a global village / Allan Heaton Anderson -- Pentecostal reflections on apostolicity / Harold D. Hunter -- Mission in the Spirit: from Edinburgh to Canberra and Athens / Kirsteen Kim -- The Blessing of Abraham: Pentecostalism and ecumenism in African perspectives / J. Kwabena Asamoah-Gyadu -- Pentecostal feeling in conversation with William James and Rudolf Otto: a preliminary exploration / Ekaputra Tupamahu -- Peter, women, and the Holy Spirit in the Bezan Text of Acts / R.G. dela Cruz -- Baptism in the Holy Spirit vs. Spirit possession in the Lowland Philippines: some considerations for discipleship / Dave Johnson -- Publications by Wonsuk Ma -- Publications by Julie Ma -- Profiles of contributors. | |
| 520 | _aEssays on Pentecostalism, religious aspects of ethnicity, spiritual formation, and the teaching of theology. | ||
| 546 | _aIn English. | ||
| 600 | 1 | 0 | _aMa, Wonsuk. |
| 600 | 1 | 0 | _aMa, Julie C. |
| 600 | 1 | 0 |
_aOtto, Rudolf, _d1869-1937. |
| 600 | 1 | 0 |
_aJames, William, _d1842-1910. |
| 650 | 0 | _aPentecostalism. | |
| 650 | 0 |
_aMissions _xTheory. |
|
| 650 | 0 |
_aEthnicity _xRelgious asptects. |
|
| 650 | 0 | _aSpiritual formation. | |
| 650 | 0 |
_aTheology _xStudy and teaching. |
|
| 700 | 1 |
_aChai, Teresa, _eeditor. |
|
| 942 |
_2lcc _cBK |
||
| 999 |
_c40873 _d40873 |
||